|
|
|
|
| LEADER |
00000nam0a2200000 4500 |
| 001 |
336455 |
| 005 |
20231102004845.0 |
| 020 |
|
|
|a RU
|b 88-57557
|
| 035 |
|
|
|a (RuTPU)RU\TPU\book\362871
|
| 090 |
|
|
|a 336455
|
| 100 |
|
|
|a 20171016d1987 k y0rusy5003 ca
|
| 101 |
0 |
|
|a rus
|
| 102 |
|
|
|a UZ
|
| 105 |
|
|
|a a z 001zy
|
| 200 |
1 |
|
|a Физическая электроника
|e сборник научных трудов
|f Ташкентский государственный университет ; под ред. Н. А. Горбатого
|
| 210 |
|
|
|a Ташкент
|c Изд-во ТашГУ
|d 1987
|
| 215 |
|
|
|a 80 с.
|c ил.
|
| 320 |
|
|
|a Библиогр. в конце статей
|
| 606 |
|
|
|a Электроника физическая
|x (электроника)
|2 stltpush
|3 (RuTPU)RU\TPU\subj\68671
|9 83861
|
| 610 |
1 |
|
|a масспектрометрические исследования
|
| 610 |
1 |
|
|a ионная эмиссия
|
| 610 |
1 |
|
|a атомарный кислород
|
| 610 |
1 |
|
|a комбинационное рассеяние
|
| 610 |
1 |
|
|a гелий-ксеноновая плазма
|
| 610 |
1 |
|
|a лантан
|
| 610 |
1 |
|
|a вольфрам
|
| 610 |
1 |
|
|a эмиссия
|
| 610 |
1 |
|
|a сплавы
|
| 610 |
1 |
|
|a барий
|
| 610 |
1 |
|
|a молибден
|
| 610 |
1 |
|
|a адсорбция
|
| 610 |
1 |
|
|a масс-спектрометры
|
| 610 |
1 |
|
|a расчет
|
| 675 |
|
|
|a 621.38
|v 3
|
| 702 |
|
1 |
|a Горбатый
|b Н. А.
|4 340
|
| 712 |
0 |
2 |
|a Ташкентский государственный университет
|2 stltpush
|3 (RuTPU)RU\TPU\col\10690
|9 24904
|
| 801 |
|
0 |
|a RU
|b RuMRKP
|c 19950417
|g psbo
|
| 801 |
|
1 |
|a RU
|b 63413507
|c 20171016
|
| 801 |
|
2 |
|a RU
|b 63413507
|c 20171023
|g RCR
|
| 942 |
|
|
|c BK
|